000 00650cam a22002293a 4500
001 17993
003 PGUSA
005 20140828083401.0
008 060315s2006||||xxu|||||s|||||000 | eng d
040 _aPGUSA
_beng
042 _adc
050 4 _aE660
100 1 _aHolmes, Prescott
245 1 0 _aYoung Peoples' History of the War with Spain
_h[electronic resource] /
_cPrescott Holmes
260 _bProject Gutenberg,
_c2006
506 _aPublic domain in the USA.
516 _aElectronic text
653 _aSpanish-American War, 1898
830 0 _aProject Gutenberg
_v17993
856 4 0 _uhttp://www.gutenberg.org/ebooks/17993
942 _cEB
999 _c247248
_d247248